00709nam a2200205 i 450000100060000000300090000600500170001500700030003200800410003510000300007624500830010626000330018930000450022249000190026770000310028683000270031785200210034499900170036595201210038289268ES-MaACL20230906180131.0t|050105s1946 sp ac |||| | spa d1 aDe la Roche, Mazo.94305813aLa cosecha / cpor Mazo De la Roche ; versión castellana, Matilde de Rafael. aMadrid : bLa Nave, c[1946] a370 p. : b1 retr. autor, il. ; c16 cm.1 aLa nave ; v591 aRafael, Matilde de.9949510 aLa nave ; v599182879 aES-MaACLjD-5745 c89268d89268 00104070aATENEOMbATENEOMcSVId2008-01-17eSCl0oD-5745p901093230r2023-02-23 00:00:00w2023-02-23yMONOGRAFIA